000 01149nam a2200313 i 4500
003 EG-GICUC
005 20260121101416.0
008 251202s1999 ua ||||fr|||| 00| 0 ara d
040 _a EG-GICUC
_bara
_c EG-GICUC
_d EG-GICUC
_erda
041 0 _aara
082 0 4 _221
_a343.52
_bح س ,ج
092 0 4 _221
099 _aLaw1 343.52 ح س ,ج 1999
100 0 _aحسنين إبراهيم صالح عبيد
_eمؤلف.
245 1 2 _a :الجريمة الدولية
_bدراسة تحليلية تطبيقية /
_cالدكتور حسنين إبراهيم صالح عبيد
264 1 _aالقاهرة :
_bدار النهضة العربية ,
_c1999.
300 _a279؛ صفحة
_c.24 سم
336 _2rda content
_atext
337 _2rda media
_aComputer
338 _2rda carrier
_aOnline Resource
504 _a. 240-220 ببليوجرافيا: صفحات.
546 _aالنص باللغة العربية
650 1 4 _aالجرائم الدولية
_2qrmak
650 1 4 _aالقانون الجنائي
651 1 _2qrmak
856 4 0 _uhttps://fll.law.cu.edu.eg/fulltext/bks/B10-06967.pdf
905 _a70
942 _2ddc
_cBK
_e21
_n0
999 _c47937
_d47937